| 000 | 00896cam a2200289 a 4500 | ||
|---|---|---|---|
| 001 | 12270304 | ||
| 003 | OSt | ||
| 005 | 20231102154958.0 | ||
| 008 | 010105s2000 pk ah 001 0 eng | ||
| 010 | _a 2001265918 | ||
| 020 | _a9839154346 | ||
| 040 |
_aDLC _cDLC _dDLC |
||
| 050 | 0 | 0 |
_aBP161.2 _b.A225 2000 |
| 082 | 0 | 0 |
_a297 _bABD/I |
| 100 | 2 | _aʻAbd al-ʻĀṭī, Ḥammūdah. | |
| 245 | 1 | 0 |
_aIslam in focus / _cHammudah Abdalati. |
| 250 | _a[2nd rev. ed.]. | ||
| 260 |
_aMalaysia : _bIslamic Book Trust, _c[2001] |
||
| 300 |
_a238 p. : _bill. ; _c22 cm. |
||
| 440 | 0 | _aWAMY studies on Islam | |
| 500 | _aIncludes index. | ||
| 650 | 0 | _aIslam. | |
| 650 | 0 |
_aIslam _xEssence, genius, nature. |
|
| 906 |
_a7 _bcbc _corigcop _d2 _encip _f20 _gy-gencatlg |
||
| 942 |
_2ddc _cBK _h297 _iABD/I _k297 _mABD/I |
||
| 999 |
_c42758 _d42758 |
||